000 00321nam a22001337a 4500
008 171103b xxu||||| |||| 00| 0 eng d
020 _a007048922-X
041 _aeng
080 _a339.138
100 _a60
101 _aMAR
245 _aREADINGS IN MARKETING STRATEGIES AND PROGRAMS
_cGUILTINAN,J,P
942 _2udc
_cBK
999 _c37537
_d37537